000 00591nam a2200205Ia 4500
005 20250508164744.0
008 008 250505s9999 xx 000 0 eng d
020 _a978-81-8205-492-9
037 _aTextBook
040 _aFEDL
_beng
_cFEDL
041 _aeng
_2eng
084 _a370.1, KRI/R
_qFEDL
100 _aKrishnamurti J
245 0 _aWhy are you being educated? : Talks at Indian Universities
260 _aNew Delhi, India
_bKrishnamurti Foundation
_c2008
300 _aiii,131p.
365 _aINR
_b70
942 _cTB
_h370.1, KRI/R
999 _c1390937
_d1390937